Statistiken für Legendäre Fußballspiele Nr. 03

Klicken Sie hier um das Quiz zu spielen!

Allgemein

  • Dieses Quiz wurde 7 mal gespielt
  • Das Durchschnittsergebnis liegt bei 3 aus 12

Antwortstatistiken

Treffer Nr.
Spielstand und Torschütze
% Korrekt
12
6:6 Olaf Thon (120')
80%
1
0:1 Karl-Heinz Rummenigge (3')
40%
4
2:2 Olaf Thon (19')
40%
6
3:3 Olaf Thon (61')
40%
8
4:4 Michael Rummenigge (80')
40%
9
4:5 Dieter Hoeneß (112')
40%
5
2:3 Michael Rummenigge (20')
20%
11
5:6 Dieter Hoeneß (118')
20%
2
0:2 Reinhold Mathy (12')
0%
3
1:2 Thomas Kruse (13')
0%
7
4:3 Peter Stichler (72')
0%
10
5:5 Bernard Dietz (115')
0%

Verteilung der Resultate

Perzentil nach korrekt beantworteten Fragen

Anzahl Personen mit jedem Resultat

Ihre Resultats-Entwicklung

Sie haben dieses Quiz noch nicht gespielt